[Event "PRO League Group Stage"]
[Site "chess.com INT"]
[Date "2018.02.28"]
[Round "8"]
[White "Holt, Conrad"]
[Black "Chu, Ruotong"]
[Result "1-0"]
[WhiteTitle "GM"]
[WhiteElo "2578"]
[BlackElo "2267"]
[WhiteTeam "Dallas Destiny"]
[BlackTeam "Chengdu Pandas"]
[WhiteFideId "2034387"]
[BlackFideId "8605653"]
[EventDate "2018.01.18"]

1. d4 Nf6 2. c4 g6 3. Nc3 d5 4. Bf4 Bg7 5. e3 O-O 6. Rc1 c5 7. dxc5 Be6 8. Nf3
Nc6 9. Ng5 Qa5 10. Be2 Rfd8 11. Nxe6 fxe6 12. O-O d4 13. exd4 e5 14. Bg5 exd4
15. Nd5 Qxc5 16. Bf3 Nb4 17. Re1 Kh8 18. a3 Nbxd5 19. cxd5 Qb6 20. Rxe7 Nxd5 21.
Rf7 Rd6 22. Bxd5 Rxd5 23. Rcc7 Rxg5 24. Rxg7 Rh5 25. Rxb7 Qd6 26. h3 Re8 27.
Rgd7 Qe5 28. Qxd4 Qxd4 29. Rxd4 Ra5 30. Rdd7 h5 31. Rh7+ Kg8 32. Rbg7+ Kf8 33.
Rxa7 Re1+ 34. Kh2 1-0

[Event "PRO League Group Stage"]
[Site "chess.com INT"]
[Date "2018.02.28"]
[Round "8"]
[White "Hjartarson, Johann"]
[Black "Bauer, Christian"]
[Result "0-1"]
[WhiteTitle "GM"]
[BlackTitle "GM"]
[WhiteElo "2536"]
[BlackElo "2625"]
[WhiteTeam "Reykjavik Puffins"]
[BlackTeam "London Lions"]
[WhiteFideId "2300044"]
[BlackFideId "603767"]
[EventDate "2018.01.18"]

1. d4 a6 2. e4 e6 3. Nf3 d5 4. e5 Bd7 5. Nc3 c5 6. dxc5 Bxc5 7. Bd3 Nc6 8. O-O
Nge7 9. a3 Ng6 10. Qe2 Nd4 11. Nxd4 Bxd4 12. Re1 Qh4 13. g3 Qh3 14. Qd1 Nxe5 15.
Nxd5 Ng4 16. Nc7+ Kd8 17. Qxg4 Qxg4 18. Nxa8 Qf3 19. Be3 Bc6 20. Kf1 Bxe3 0-1

[Event "PRO League Group Stage"]
[Site "chess.com INT"]
[Date "2018.02.28"]
[Round "8"]
[White "Hjartarson, Johann"]
[Black "Horton, Andrew P"]
[Result "1-0"]
[WhiteTitle "GM"]
[BlackTitle "FM"]
[WhiteElo "2536"]
[BlackElo "2397"]
[WhiteTeam "Reykjavik Puffins"]
[BlackTeam "London Lions"]
[WhiteFideId "2300044"]
[BlackFideId "424269"]
[EventDate "2018.01.18"]

1. d4 Nf6 2. c4 e6 3. Nc3 Bb4 4. e3 b6 5. Ne2 Ba6 6. a3 Bxc3+ 7. Nxc3 d5 8. b3
O-O 9. Bd3 dxc4 10. bxc4 Nc6 11. Bb2 Na5 12. Qe2 c5 13. dxc5 bxc5 14. O-O Rb8
15. Rfd1 Qe7 16. Nb5 Nc6 17. Rab1 Rfd8 18. Bc2 Bb7 19. f3 Rxd1+ 20. Rxd1 a6 21.
Nd6 Ba8 22. Bc3 Rd8 23. Ne4 Nxe4 24. Bxe4 Bb7 25. Rb1 Ba8 26. Qf2 Qc7 27. Qh4 f5
28. Bxc6 Bxc6 29. Be5 Qd7 30. h3 Rc8 31. Rb6 a5 32. Kh2 h6 33. Qg3 Kh7 34. h4 a4
35. Ra6 Qb7 36. h5 Qf7 37. Kg1 Kg8 38. Qg6 Qe7 39. Bxg7 Be8 40. Qxh6 Qxg7 41.
Qxe6+ Kh7 42. Qxf5+ Bg6 43. hxg6+ Kh6 44. Qh3+ Kg5 45. f4# 1-0

[Event "PRO League Group Stage"]
[Site "chess.com INT"]
[Date "2018.02.28"]
[Round "8"]
[White "Moradiabadi, Elshan"]
[Black "Li, Chao b"]
[Result "1/2-1/2"]
[WhiteTitle "GM"]
[BlackTitle "GM"]
[WhiteElo "2528"]
[BlackElo "2732"]
[WhiteTeam "Dallas Destiny"]
[BlackTeam "Chengdu Pandas"]
[WhiteFideId "12501255"]
[BlackFideId "8604436"]
[EventDate "2018.01.18"]

1. d4 Nf6 2. Nf3 d5 3. Bf4 Bf5 4. e3 e6 5. Bd3 Bxd3 6. Qxd3 c6 7. O-O Bd6 8.
Bxd6 Qxd6 9. Nbd2 Nbd7 10. c4 O-O 11. Rfd1 Rfd8 12. Rac1 h6 13. h3 Qe7 14. Qb3
Rab8 15. Qc3 Rbc8 16. Qb3 Rb8 17. Qc3 Rbc8 18. Qb3 Rb8 19. Qc3 1/2-1/2

[Event "PRO League Group Stage"]
[Site "chess.com INT"]
[Date "2018.02.28"]
[Round "8"]
[White "Moradiabadi, Elshan"]
[Black "Chu, Ruotong"]
[Result "1-0"]
[WhiteTitle "GM"]
[WhiteElo "2528"]
[BlackElo "2267"]
[WhiteTeam "Dallas Destiny"]
[BlackTeam "Chengdu Pandas"]
[WhiteFideId "12501255"]
[BlackFideId "8605653"]
[EventDate "2018.01.18"]

1. d4 Nf6 2. Nf3 g6 3. g3 Bg7 4. Bg2 d5 5. O-O O-O 6. a4 c5 7. dxc5 Na6 8. Nc3
Nxc5 9. Be3 b6 10. a5 Bb7 11. Bd4 Ncd7 12. Qd3 Re8 13. Ne5 Nxe5 14. Bxe5 e6 15.
Rfd1 Nd7 16. Bxg7 Kxg7 17. e4 Nc5 18. Qe3 Qf6 19. exd5 exd5 20. Qd4 Ne4 21.
Qxf6+ Nxf6 22. Nxd5 Nxd5 23. Bxd5 Bxd5 24. Rxd5 Rac8 25. axb6 axb6 26. Rd2 Re5
27. Ra7 b5 28. Rb7 g5 29. c3 h5 30. Kg2 Rc6 31. Rd3 Kg6 32. Rf3 f6 33. Rd3 Rcc5
34. h3 Re2 35. b4 Rce5 36. Rb6 g4 37. hxg4 hxg4 38. Rd4 Kg5 39. Rf4 Re6 40.
Rxb5+ Kh6 41. Rxg4 Rc2 42. Rc5 Ree2 43. Rf4 Kg6 44. Rc6 Kg7 45. Rfxf6 1-0

[Event "PRO League Group Stage"]
[Site "chess.com INT"]
[Date "2018.02.28"]
[Round "8"]
[White "Agrest, Evgenij"]
[Black "Maroroa, Sue"]
[Result "1-0"]
[WhiteTitle "GM"]
[BlackTitle "WIM"]
[WhiteElo "2584"]
[BlackElo "2102"]
[WhiteTeam "Stockholm Snowballs"]
[BlackTeam "London Towers"]
[WhiteFideId "1705024"]
[BlackFideId "4301498"]
[EventDate "2018.01.18"]

1. Nf3 Nf6 2. c4 g6 3. Nc3 Bg7 4. d4 d6 5. Bg5 c6 6. e3 O-O 7. Be2 Nbd7 8. Qc2
e5 9. Rd1 Qc7 10. Bh4 Re8 11. O-O Nf8 12. Rfe1 Bf5 13. Qb3 Ne4 14. Nxe4 Bxe4 15.
Bg3 Bxf3 16. Bxf3 exd4 17. c5 dxe3 18. Rxe3 Rxe3 19. fxe3 Ne6 20. cxd6 Qb6 21.
Bg4 Qxb3 22. axb3 f5 23. Be2 b5 24. Bf3 Nd8 25. Rd2 a5 26. Bh4 Be5 27. d7 Bc7
28. Rc2 Bb6 29. Bxc6 Ra7 30. Bxb5 Rc7 31. Bc4+ Kf8 32. Bxd8 Bxe3+ 33. Kf1 Rxd7
34. Bxa5 Bf4 35. g3 Bg5 36. Bb4+ Kg7 37. Ke2 h5 38. h4 Bd8 39. Rd2 1-0

[Event "PRO League Group Stage"]
[Site "chess.com INT"]
[Date "2018.02.28"]
[Round "8"]
[White "Agrest, Evgenij"]
[Black "Jones, Gawain C B"]
[Result "1/2-1/2"]
[WhiteTitle "GM"]
[BlackTitle "GM"]
[WhiteElo "2584"]
[BlackElo "2640"]
[WhiteTeam "Stockholm Snowballs"]
[BlackTeam "London Towers"]
[WhiteFideId "1705024"]
[BlackFideId "409561"]
[EventDate "2018.01.18"]

1. d4 Nf6 2. Bf4 c5 3. e3 Qb6 4. Nc3 a6 5. a3 d6 6. Be2 Bf5 7. Rb1 h6 8. h3 g5
9. Bh2 cxd4 10. exd4 Bg7 11. Nf3 Nbd7 12. Bd3 Bxd3 13. Qxd3 g4 14. hxg4 Nxg4 15.
Bg3 Ndf6 16. O-O Qa5 17. Rfe1 Rd8 18. Nh4 e6 19. f3 Nh5 20. fxg4 Nxg3 21. Qxg3
Bxd4+ 22. Kh1 Be5 23. Qf2 Rg8 24. Rf1 Rd7 25. Qf3 Bxc3 26. bxc3 Qg5 27. g3 Qxg4
28. Qxg4 Rxg4 29. Kh2 Rc7 30. Rb3 Re4 31. Kg2 Re3 32. Rf3 Re2+ 33. Rf2 Re3 34.
Rf3 Re2+ 35. Rf2 Re3 36. Rf3 1/2-1/2

[Event "PRO League Group Stage"]
[Site "chess.com INT"]
[Date "2018.02.28"]
[Round "8"]
[White "Caruana, Fabiano"]
[Black "Bykhovsky, Anatoly"]
[Result "1-0"]
[WhiteTitle "GM"]
[BlackTitle "GM"]
[WhiteElo "2811"]
[BlackElo "2496"]
[WhiteTeam "Saint Louis Arch Bishops"]
[BlackTeam "Montclair Sopranos"]
[WhiteFideId "2020009"]
[BlackFideId "2806991"]
[EventDate "2018.01.18"]

1. e4 c5 2. Nf3 e6 3. d4 cxd4 4. Nxd4 a6 5. Bd3 Bc5 6. Nb3 Ba7 7. O-O Nc6 8. Qe2
d6 9. c4 Nf6 10. Be3 O-O 11. Nc3 e5 12. Rfd1 Bg4 13. f3 Be6 14. Bxa7 Rxa7 15.
Rac1 Nd7 16. Qe3 b6 17. Bf1 Nc5 18. Na1 Rd7 19. Nc2 a5 20. Rd2 f5 21. exf5 Bxf5
22. Na3 Nd4 23. Ne2 Nce6 24. Nxd4 Nxd4 25. Nb5 Nxb5 26. cxb5 Bg6 27. Rc6 d5 28.
Qxe5 d4 29. Bc4+ Bf7 30. Bxf7+ Rfxf7 31. Qe6 h6 32. Rxb6 d3 33. Rc6 Qh4 34. Qe4
Qxe4 35. fxe4 Rde7 36. Rc4 1-0

[Event "PRO League Group Stage"]
[Site "chess.com INT"]
[Date "2018.02.28"]
[Round "8"]
[White "Caruana, Fabiano"]
[Black "Checa, Nicolas"]
[Result "1-0"]
[WhiteTitle "GM"]
[BlackTitle "IM"]
[WhiteElo "2811"]
[BlackElo "2486"]
[WhiteTeam "Saint Louis Arch Bishops"]
[BlackTeam "Montclair Sopranos"]
[WhiteFideId "2020009"]
[BlackFideId "2069342"]
[EventDate "2018.01.18"]

1. Nf3 d5 2. g3 Nf6 3. Bg2 Bg4 4. O-O Nbd7 5. d3 e6 6. h3 Bxf3 7. Bxf3 Be7 8. e4
O-O 9. Bg2 dxe4 10. dxe4 e5 11. Qe2 c6 12. a4 Qc7 13. Nd2 Rfd8 14. h4 Nc5 15.
Nc4 Ne6 16. c3 Nd7 17. b4 Nb6 18. Bh3 Nxc4 19. Qxc4 Rd6 20. a5 c5 21. b5 Rad8
22. Be3 h6 23. Bg4 Bf8 24. Kg2 Qe7 25. Rh1 Rd3 26. Be2 R3d7 27. Qa4 Rd6 28. Qc2
Nd4 29. cxd4 cxd4 30. Bd2 d3 31. Qa2 dxe2 32. Bb4 Qd7 33. Bxd6 Bxd6 34. Qxe2 Bc5
35. Rac1 Bd4 36. Rc2 Kh7 37. Rhc1 Qe6 38. Rc7 Rd7 39. Qf3 g6 40. h5 Kg7 41. hxg6
fxg6 42. a6 bxa6 43. R1c6 Qf7 44. Rxd7 Qxd7 45. Qf6+ 1-0

[Event "PRO League Group Stage"]
[Site "chess.com INT"]
[Date "2018.02.28"]
[Round "8"]
[White "Lalith, Babu M R"]
[Black "Grandelius, Nils"]
[Result "1-0"]
[WhiteTitle "GM"]
[BlackTitle "GM"]
[WhiteElo "2542"]
[BlackElo "2647"]
[WhiteTeam "Delhi Dynamite"]
[BlackTeam "Norway Gnomes"]
[WhiteFideId "5024595"]
[BlackFideId "1710400"]
[EventDate "2018.01.18"]

1. Nf3 c5 2. c4 Nc6 3. d4 cxd4 4. Nxd4 e5 5. Nb5 a6 6. N5c3 Bc5 7. g3 Nf6 8. Bg2
O-O 9. O-O h6 10. Nd5 Nxd5 11. cxd5 Nb8 12. Nc3 d6 13. e4 f5 14. Be3 Bb4 15.
exf5 Bxf5 16. Ne4 Nd7 17. Qb3 Bxe4 18. Qxb4 Bxg2 19. Kxg2 Qf6 20. Qxb7 Qf3+ 21.
Kg1 Nf6 22. Qc6 Ng4 23. Rae1 Kh8 24. h3 Nf6 25. Qxd6 Rae8 26. Qxa6 Qf5 27. Kh2
Nxd5 28. Qe2 Rc8 29. Rc1 Rxc1 30. Bxc1 Rc8 31. Qg4 Qc2 32. a4 Rc4 33. Qd1 Nb4
34. b3 1-0

[Event "PRO League Group Stage"]
[Site "chess.com INT"]
[Date "2018.02.28"]
[Round "8"]
[White "Ynojosa Aponte, Felix Jose"]
[Black "Aghasaryan, Robert"]
[Result "0-1"]
[WhiteTitle "IM"]
[BlackTitle "GM"]
[WhiteElo "2387"]
[BlackElo "2531"]
[WhiteTeam "Rio Grande Ospreys"]
[BlackTeam "Las Vegas Desert Rats"]
[WhiteFideId "3900258"]
[BlackFideId "13302841"]
[EventDate "2018.01.18"]

1. c4 e6 2. Nc3 d5 3. d4 Be7 4. Bf4 Nf6 5. e3 O-O 6. Nf3 Nbd7 7. cxd5 Nxd5 8.
Nxd5 exd5 9. Bd3 Nf6 10. h3 Bb4+ 11. Nd2 Ne4 12. Bxe4 dxe4 13. O-O Bxd2 14. Qxd2
c6 15. f3 exf3 16. Rxf3 Re8 17. Rg3 Bf5 18. Rc1 Kh8 19. a4 f6 20. h4 Be4 21. Qb4
Qd7 22. a5 Rad8 23. Rc5 Bd5 24. Rc1 Re6 25. Rc3 Rde8 26. Ra3 Re4 27. Qc5 a6 28.
Qb6 R8e7 29. Ra4 h6 30. h5 Kh7 31. Rb4 Qf5 32. Qd8 Qxh5 33. Qb8 Qf7 34. Bd6 Rd7
35. Bc5 Re8 36. Qf4 Qe6 37. Ra4 g5 38. Qf2 h5 39. Ra3 h4 40. Rh3 Kg6 41. Rc3 Be4
42. Rc1 Rd5 43. Qd2 Bf5 44. Rf3 Bg4 45. Rf2 Qxe3 46. Qxe3 Rxe3 47. Kh2 Rf5 48.
Rxf5 Bxf5 49. Kg1 Re2 0-1

[Event "PRO League Group Stage"]
[Site "chess.com INT"]
[Date "2018.02.28"]
[Round "8"]
[White "Ynojosa Aponte, Felix Jose"]
[Black "Niemann, Hans"]
[Result "1-0"]
[WhiteTitle "IM"]
[BlackTitle "FM"]
[WhiteElo "2387"]
[BlackElo "2348"]
[WhiteTeam "Rio Grande Ospreys"]
[BlackTeam "Las Vegas Desert Rats"]
[WhiteFideId "3900258"]
[BlackFideId "2093596"]
[EventDate "2018.01.18"]

1. c4 c5 2. Nc3 Nc6 3. Nf3 e5 4. e3 f5 5. d4 e4 6. d5 Nce7 7. d6 exf3 8. Nb5 Kf7
9. Qxf3 Nc6 10. Qd5+ Kg6 11. Bd3 Nf6 12. Bxf5+ Kh6 13. e4+ g5 14. Bxg5+ Kxg5 15.
Qd2+ Kh5 16. g4+ Nxg4 17. Bxg4+ Kg6 18. Bf5+ Kf7 19. Qd5+ Kf6 20. Bh3 Ne5 21. f4
Ng6 22. Nc7 Kg7 23. O-O-O Rb8 24. Qxc5 b5 25. Qxa7 Bb7 26. Rhg1 Kh6 27. Qe3 Bxd6
28. Rxd6 Qxc7 29. f5+ Kg7 30. Qd4+ Kf8 31. fxg6 Qxc4+ 32. Qxc4 bxc4 33. g7+ Ke7
34. Rxd7+ Kf6 35. gxh8=Q+ Rxh8 36. Rxb7 1-0

[Event "PRO League Group Stage"]
[Site "chess.com INT"]
[Date "2018.02.28"]
[Round "8"]
[White "Bartholomew, John"]
[Black "Rosenthal, Nicholas"]
[Result "1-0"]
[WhiteTitle "IM"]
[WhiteElo "2459"]
[BlackElo "2169"]
[WhiteTeam "Minnesota Blizzard"]
[BlackTeam "Miami Champions"]
[WhiteFideId "2019353"]
[BlackFideId "2045150"]
[EventDate "2018.01.18"]

1. c4 e6 2. g3 d5 3. Bg2 Nf6 4. Nf3 c6 5. Qc2 Bd6 6. d4 Nbd7 7. Nbd2 O-O 8. O-O
Re8 9. b3 Nf8 10. e4 dxe4 11. Nxe4 Nxe4 12. Qxe4 Ng6 13. Bb2 Bd7 14. h4 h6 15.
h5 Nf8 16. Ne5 Re7 17. Rfe1 Be8 18. Qe2 Rc8 19. Rad1 Rb8 20. a3 Kh8 21. b4 Rc8
22. Qg4 f6 23. Nd3 Bf7 24. Ne5 Qe8 25. Nxf7+ Rxf7 26. d5 cxd5 27. cxd5 e5 28.
Be4 Rc4 29. Qe2 Rcc7 30. Bf5 Rfe7 31. Rc1 Qb8 32. Kg2 Rxc1 33. Rxc1 Rc7 34. Rxc7
Qxc7 35. Qb5 Qf7 36. g4 a6 37. Qd3 Qc7 38. Bc3 Nd7 39. Bd2 Nb6 40. Be6 Bf8 41.
Qg6 Nc4 42. Bxh6 Nd6 43. Be3 Qc4 44. Bc5 f5 45. Bxd6 Qe4+ 46. Kh2 Qf4+ 47. Kg1
Bxd6 48. Qe8+ Kh7 49. Bxf5+ 1-0

[Event "PRO League Group Stage"]
[Site "chess.com INT"]
[Date "2018.02.28"]
[Round "8"]
[White "Bartholomew, John"]
[Black "Becerra Rivero, Julio"]
[Result "0-1"]
[WhiteTitle "IM"]
[BlackTitle "GM"]
[WhiteElo "2459"]
[BlackElo "2531"]
[WhiteTeam "Minnesota Blizzard"]
[BlackTeam "Miami Champions"]
[WhiteFideId "2019353"]
[BlackFideId "3501728"]
[EventDate "2018.01.18"]

1. d4 Nf6 2. c4 g6 3. Nc3 Bg7 4. e4 d6 5. f3 O-O 6. Bg5 a6 7. Qd2 Nbd7 8. Nh3 c5
9. d5 b5 10. cxb5 Qa5 11. Nf2 Nb6 12. Be2 axb5 13. Nxb5 Bd7 14. Nc3 Rfb8 15. O-O
Qb4 16. e5 dxe5 17. Nfe4 Qd4+ 18. Rf2 Nbxd5 19. Qc1 Nxe4 20. fxe4 Nxc3 21. bxc3
Qd6 22. Bc4 Be6 23. Qf1 f6 24. Be3 Ra4 25. Bxe6+ Qxe6 26. Qd3 Qc4 27. Qd2 Bf8
28. h3 Raa8 29. Rd1 Qxe4 30. Bxc5 Qc4 31. Bb4 e4 32. Qf4 Rd8 33. Re1 f5 34. g4
e6 35. Bxf8 Rxf8 36. gxf5 exf5 37. Rd1 Rad8 38. Rfd2 Rxd2 39. Rxd2 Qxc3 40. Rd7
Qa1+ 41. Kh2 Qxa2+ 42. Kg3 Qb3+ 43. Kh4 Qe6 44. Qc7 Qf6+ 45. Kg3 Rf7 46. Qb8+
Kg7 47. Rd8 f4+ 48. Kh2 Kh6 49. Rd6 Qg5 50. Qe8 Qg3+ 51. Kh1 Qxh3+ 52. Kg1 Qg3+
53. Kh1 f3 54. Rd2 Qe1+ 0-1

[Event "PRO League Group Stage"]
[Site "chess.com INT"]
[Date "2018.02.28"]
[Round "8"]
[White "Adhiban, Baskaran"]
[Black "Bernotas, Arturs"]
[Result "1-0"]
[WhiteTitle "GM"]
[BlackTitle "FM"]
[WhiteElo "2655"]
[BlackElo "2430"]
[WhiteTeam "Mumbai Movers"]
[BlackTeam "Riga Magicians"]
[WhiteFideId "5018471"]
[BlackFideId "11601426"]
[EventDate "2018.01.18"]

1. e4 d6 2. d4 Nf6 3. Nc3 e5 4. Nf3 Nbd7 5. Bc4 Be7 6. a4 O-O 7. O-O a5 8. h3 c6
9. Qe2 exd4 10. Nxd4 Nb6 11. Ba2 d5 12. e5 Nfd7 13. f4 Bc5 14. Be3 Re8 15. Kh1
Bb4 16. Nd1 Nxa4 17. c3 Bf8 18. Bb1 Nac5 19. Nf2 g6 20. Ng4 Ne4 21. Bxe4 dxe4
22. f5 Rxe5 23. Nxe5 Nxe5 24. Rf4 Qd5 25. Bg1 gxf5 26. Nxf5 Nd3 27. Rg4+ Kh8 28.
Bd4+ Ne5 29. Rxe4 f6 30. Bxe5 Bxf5 31. Bxf6+ Kg8 32. Re5 Qd7 33. Qc4+ 1-0

[Event "PRO League Group Stage"]
[Site "chess.com INT"]
[Date "2018.02.28"]
[Round "8"]
[White "Adhiban, Baskaran"]
[Black "Kovalenko, Igor"]
[Result "1-0"]
[WhiteTitle "GM"]
[BlackTitle "GM"]
[WhiteElo "2655"]
[BlackElo "2635"]
[WhiteTeam "Mumbai Movers"]
[BlackTeam "Riga Magicians"]
[WhiteFideId "5018471"]
[BlackFideId "14117908"]
[EventDate "2018.01.18"]

1. d4 Nf6 2. c4 e6 3. Nf3 b6 4. g3 Bb7 5. Bg2 Be7 6. O-O O-O 7. d5 exd5 8. Nh4
c6 9. cxd5 Nxd5 10. Nf5 Nc7 11. Nc3 d5 12. e4 Bf6 13. exd5 Nxd5 14. Nxd5 cxd5
15. Re1 Na6 16. Bf4 Bxb2 17. Rb1 Bf6 18. Nd6 Bc6 19. Bxd5 Bxd5 20. Qxd5 Qd7 21.
Rbd1 Rad8 22. h4 Nc5 23. Bg5 Bxg5 24. hxg5 Qa4 25. Re7 Rd7 26. Rde1 Nb7 27.
Qxf7+ 1-0

[Event "PRO League Group Stage"]
[Site "chess.com INT"]
[Date "2018.02.28"]
[Round "8"]
[White "Rosenthal, Nicholas"]
[Black "Nagle, Sean"]
[Result "0-1"]
[BlackTitle "IM"]
[WhiteElo "2169"]
[BlackElo "2432"]
[WhiteTeam "Miami Champions"]
[BlackTeam "Minnesota Blizzard"]
[WhiteFideId "2045150"]
[BlackFideId "2013878"]
[EventDate "2018.01.18"]

1. e4 g6 2. d4 Bg7 3. Nc3 d6 4. Be3 a6 5. a4 Nf6 6. f3 Nbd7 7. Bc4 O-O 8. Nge2
c5 9. dxc5 Nxc5 10. Bxc5 dxc5 11. Qxd8 Rxd8 12. a5 e6 13. Kf2 Bd7 14. Rhd1 Bc6
15. g4 Nd7 16. f4 g5 17. Rd2 gxf4 18. Rad1 f3 19. Ng3 Bd4+ 20. Kf1 Ne5 21. Bb3
Nxg4 0-1

[Event "PRO League Group Stage"]
[Site "chess.com INT"]
[Date "2018.02.28"]
[Round "8"]
[White "Rosenthal, Nicholas"]
[Black "Tang, Andrew"]
[Result "0-1"]
[BlackTitle "IM"]
[WhiteElo "2169"]
[BlackElo "2513"]
[WhiteTeam "Miami Champions"]
[BlackTeam "Minnesota Blizzard"]
[WhiteFideId "2045150"]
[BlackFideId "2059630"]
[EventDate "2018.01.18"]

1. e4 e5 2. Nf3 Nc6 3. Bc4 Bc5 4. c3 Nf6 5. d4 exd4 6. cxd4 Bb4+ 7. Bd2 Nxe4 8.
Bxb4 Nxb4 9. Bxf7+ Kxf7 10. Qb3+ Kf8 11. Qxb4+ Qe7 12. Qxe7+ Kxe7 13. Nc3 Nxc3
14. bxc3 d6 15. Kd2 Be6 16. Rhe1 Kd7 17. Ng5 Bd5 18. f3 h6 19. Nh3 Rhf8 20. a4
a6 21. Rab1 b6 22. Re3 Bc6 23. Ra1 Bd5 24. a5 Rab8 25. axb6 Rxb6 26. Kc1 Bg8 27.
Nf2 Rfb8 28. Nd1 Bh7 29. Re2 Rb1+ 30. Rxb1 Rxb1+ 31. Kd2 a5 32. Ke1 a4 33. Ra2
Bg8 0-1

[Event "PRO League Group Stage"]
[Site "chess.com INT"]
[Date "2018.02.28"]
[Round "8"]
[White "Matinian, Nikita"]
[Black "Kobo, Ori"]
[Result "1-0"]
[WhiteTitle "GM"]
[BlackTitle "GM"]
[WhiteElo "2491"]
[BlackElo "2477"]
[WhiteTeam "Volga Stormbringers"]
[BlackTeam "Oslo Trolls"]
[WhiteFideId "24129100"]
[BlackFideId "2812320"]
[EventDate "2018.01.18"]

1. e4 e6 2. d4 d5 3. Nc3 Nf6 4. Bg5 dxe4 5. Nxe4 Be7 6. Bxf6 gxf6 7. Nf3 a6 8.
Qd2 b5 9. O-O-O Bb7 10. Bd3 Nd7 11. Rhe1 f5 12. Ng3 Bxf3 13. gxf3 Nb6 14. Kb1
Nd5 15. Bxf5 Kd7 16. Be4 c6 17. f4 Bd6 18. f5 Qh4 19. fxe6+ fxe6 20. Qe2 Rae8
21. c4 bxc4 22. Qxc4 Rb8 23. Bxd5 cxd5 24. Qxa6 Rb4 25. Qa7+ Bc7 26. Rc1 Rc8 27.
Qc5 Qxd4 28. Qc6+ Kd8 29. Rc2 Rb6 30. Qc3 Qxc3 31. Rxc3 Rcb8 32. b3 e5 33. Rd3
d4 34. f4 exf4 35. Rxd4+ Kc8 36. Nf5 Rf6 37. Ne7+ Kb7 38. Nd5 Rf7 39. Rb4+ Ka7
40. Ra4+ Kb7 41. Nxc7 Kxc7 42. Rc1+ Kd6 43. Rf1 f3 44. Rf2 Ke5 45. Rc4 Rd8 46.
Kc2 Rg8 47. Kd3 Rg1 48. Re4+ Kd5 49. Re3 Rd1+ 50. Kc2 Ra1 51. Kb2 Rh1 52. a4 Kd4
53. Rexf3 Rxf3 54. Rxf3 Rxh2+ 55. Ka3 h5 56. Rf8 Kc5 57. Rf5+ Kb6 58. Kb4 Rh4+
59. Ka3 Rh3 60. Rf6+ Ka5 61. Rh6 h4 62. Rh5+ Kb6 63. Kb4 Rh1 64. Rh6+ Kb7 65.
Kb5 h3 66. Rh7+ Kc8 67. b4 h2 68. a5 Kb8 69. a6 1-0

[Event "PRO League Group Stage"]
[Site "chess.com INT"]
[Date "2018.02.28"]
[Round "8"]
[White "Matinian, Nikita"]
[Black "Kaasen, Tor Fredrik"]
[Result "1-0"]
[WhiteTitle "GM"]
[BlackTitle "FM"]
[WhiteElo "2491"]
[BlackElo "2340"]
[WhiteTeam "Volga Stormbringers"]
[BlackTeam "Oslo Trolls"]
[WhiteFideId "24129100"]
[BlackFideId "1516647"]
[EventDate "2018.01.18"]

1. e4 c5 2. Nf3 e6 3. d4 cxd4 4. Nxd4 a6 5. Nc3 b5 6. Bd3 Ne7 7. O-O Nbc6 8.
Nxc6 Nxc6 9. f4 Bc5+ 10. Kh1 O-O 11. e5 d5 12. exd6 Bxd6 13. Ne4 Be7 14. Bd2 Bb7
15. Bc3 b4 16. Bd2 Nd4 17. Qe1 Qd5 18. Bxb4 Bxb4 19. Qxb4 f5 20. Rae1 a5 21. Qd2
Rac8 22. Nc3 Qd6 23. a3 Rfd8 24. Re3 Qb6 25. Qc1 Qc6 26. Rg3 h5 27. h3 h4 28.
Rg5 Rc7 29. Qe1 Rcd7 30. Qxh4 Ba6 31. Rh5 Kf7 32. Rh7 Nxc2 33. Qh5+ Ke7 34.
Rxg7+ Kd6 35. Rxd7+ Rxd7 36. Bxc2 Bxf1 37. Qd1+ Ke7 38. Qxf1 Rd2 39. Bxf5 Rxb2
40. Nd1 Rd2 41. Bg4 Qd6 42. Ne3 Qd4 43. Qe1 Kf6 44. Bxe6 Qd3 45. Nd5+ Kg6 46.
f5+ Kg5 47. h4+ Kh6 48. Qe3+ Qxe3 49. Nxe3 Rd3 50. Ng4+ Kh5 51. f6 Kxh4 52. Kh2
Rd1 53. f7 Rf1 54. Ne5 Kg5 55. Nf3+ 1-0

[Event "PRO League Group Stage"]
[Site "chess.com INT"]
[Date "2018.02.28"]
[Round "8"]
[White "Perez Ponsa, Federico"]
[Black "Panjwani, Raja"]
[Result "1-0"]
[WhiteTitle "GM"]
[BlackTitle "IM"]
[WhiteElo "2553"]
[BlackElo "2444"]
[WhiteTeam "Buenos Aires Krakens"]
[BlackTeam "Montreal Chessbrahs"]
[WhiteFideId "117927"]
[BlackFideId "2604493"]
[EventDate "2018.01.18"]

1. Nf3 Nf6 2. c4 e6 3. g3 d5 4. Bg2 c5 5. O-O Nc6 6. cxd5 exd5 7. d4 Be7 8. Nc3
O-O 9. dxc5 d4 10. Na4 Bf5 11. Bf4 Be4 12. Rc1 Qd5 13. Qb3 Qh5 14. Qxb7 d3 15.
Nd2 Bxg2 16. Kxg2 dxe2 17. Rfe1 Rac8 18. Nf3 Nd5 19. Bd2 Rc7 20. Qb3 Rb8 21. Qd3
Rd8 22. Qxe2 f6 23. Rcd1 g5 24. Qe6+ Kh8 25. Bxg5 fxg5 26. Rxd5 Rf8 27. g4 Qe8
28. Nc3 Qa8 29. Re4 Bf6 30. Rf5 Re7 31. Qc4 Na5 32. Qe2 Ref7 33. Nd5 Qd8 34.
Nxg5 Bxg5 35. Rxf7 Rg8 36. Qd3 Rg6 37. Nf6 Bxf6 38. Qxd8+ Bxd8 39. Re8+ Rg8 40.
Rff8 1-0

[Event "PRO League Group Stage"]
[Site "chess.com INT"]
[Date "2018.02.28"]
[Round "8"]
[White "Perez Ponsa, Federico"]
[Black "Hou, Yifan"]
[Result "0-1"]
[WhiteTitle "GM"]
[BlackTitle "GM"]
[WhiteElo "2553"]
[BlackElo "2680"]
[WhiteTeam "Buenos Aires Krakens"]
[BlackTeam "Montreal Chessbrahs"]
[WhiteFideId "117927"]
[BlackFideId "8602980"]
[EventDate "2018.01.18"]

1. Nf3 g6 2. g3 b6 3. Bg2 Bb7 4. O-O Bg7 5. c4 Nf6 6. Nc3 O-O 7. b3 d6 8. d4 Ne4
9. Bb2 Nxc3 10. Bxc3 Be4 11. Qd2 c5 12. Qe3 Bb7 13. Rad1 Nd7 14. d5 Nf6 15. Qc1
Bc8 16. Qa1 Bg4 17. e4 Nh5 18. h3 Bxf3 19. Bxf3 Bxc3 20. Qxc3 Ng7 21. Rfe1 Qc7
22. e5 Nf5 23. e6 fxe6 24. dxe6 Rab8 25. Bd5 b5 26. cxb5 Rxb5 27. g4 Ng7 28. Bc4
Rbb8 29. Qg3 Ne8 30. h4 Kh8 31. Qc3+ Ng7 32. Re4 Rf6 33. f4 Rbf8 34. Qe3 Nf5 35.
Qc3 Nd4 36. g5 Rf5 37. Be2 Qb6 38. Rf1 d5 39. Re3 Rxf4 40. Rxf4 Rxf4 41. a3 Kg8
42. Kg2 Nf5 43. Re5 c4 44. Qe1 Qd4 45. Bd1 Nxh4+ 46. Kh3 Qd3+ 47. Re3 Qf5+ 48.
Kh2 Rf2+ 49. Kg3 Qf4+ 0-1